000 00802caa a22002417a 4500
999 _c422335
_d422335
001 133509
003 UA-OsUOA
005 20200129132957.0
007 ta
008 20181024b un ||||| |||| 00| 0 ukr d
040 _aUA-OsUOA
_bukr
_cUA-OsUOA
_dUA-OsUOA
041 _aukr
080 _a908
090 _a908
_bП62
100 _aМицько І.
245 _a"Поспешники и єдиномысленики"
300 _aС. 90–96
650 7 _a908 Краєзнавство
_2UDC
773 0 _0343981
_9371869
_aМицько І.
_dОстрог Острозька академія 2008
_o118355
_tІван Федоров:життя в еміграції
_w(UA-OsUOA) 57898
942 _cBKA
_2udc
955 _a1